Mostly Winter Olympic Countries - Statistics

General Stats
  • This quiz has been taken 1,799 times
    872 since last reset
  • The average score is 12 of 15
Answer Stats
Hint Answer % Correct
405 Winter out of 568 medals (71%) Norway
98%
176 Winter out of 679 medals (26%) Sweden
97%
175 Winter out of 480 medals (36%) Finland
96%
225 Winter out of 551 medals (41%) Canada
95%
250 Winter out of 346 medals (72%) Austria
90%
168 Winter out of 374 medals (45%) Switzerland
90%
170 Winter out of 667 medals (25%) Russia
87%
267 Winter out of 922 medals (29%) Germany
80%
147 Winter out of 469 medals (31%) Netherlands
74%
33 Winter out of 100 medals (33%) Czech Republic
73%
10 Winter out of 42 medals (24%) Slovakia
71%
10 Winter out of 10 medals (100%) Liechtenstein
70%
24 Winter out of 52 medals (46%) Slovenia
69%
10 Winter out of 31 medals (32%) Latvia
68%
2 Winter out of 5 medals (40%) Luxembourg
59%
No matching quizzes found
Score Distribution
Percent of People with Each Score
Percentile by Number Answered
Your Score History
You have not taken this quiz since the last reset